00883cam a22002657a 4500003000500000005001700005008004100022010001000063011001000073020001500083035001000098040000900108082002500117110006000142245017700202260002400379300001800403490003500421650001800456650002200474700003100496700002400527700003100551830003500582CHAP20220817043925.0040121d2001 it b rn 00110 eng d a87988 a88960 a9251046433 a99509 cCHAP04a639.21638bF21y v.712 aFAO. Comisión General de Pesca para el Mediterráneo10aFeasibility assessment for a database on socio-economic indicators for mediterranean fisheriesc/by Ramón Franquesa, Mohammed Malouli Idrissi and José Antonio Alarcón aRome :bFAO,c2001. a61 p. :bmapa 0aFAO. Studies and reviewsv; 7114aPiscicultura.14aRecursos marinos.0 aAlarcón, José Antonio.0 aFranquesa, Ramón.0 aMalouli Idrissi, Mohammed.00aFAO. Studies and reviewsv; 71